<?xml version="1.0" encoding="UTF-8"?><?xml-stylesheet type="text/xsl" href="static/style.xsl"?><OAI-PMH xmlns="http://www.openarchives.org/OAI/2.0/" xmlns:xsi="http://www.w3.org/2001/XMLSchema-instance" xsi:schemaLocation="http://www.openarchives.org/OAI/2.0/ http://www.openarchives.org/OAI/2.0/OAI-PMH.xsd"><responseDate>2026-04-13T04:55:26Z</responseDate><request verb="GetRecord" identifier="oai:www.recercat.cat:2072/422774" metadataPrefix="marc">https://recercat.cat/oai/request</request><GetRecord><record><header><identifier>oai:recercat.cat:2072/422774</identifier><datestamp>2024-10-29T15:23:27Z</datestamp><setSpec>com_2072_98</setSpec><setSpec>col_2072_378197</setSpec></header><metadata><record xmlns="http://www.loc.gov/MARC21/slim" xmlns:dcterms="http://purl.org/dc/terms/" xmlns:xsi="http://www.w3.org/2001/XMLSchema-instance" xmlns:doc="http://www.lyncode.com/xoai" xsi:schemaLocation="http://www.loc.gov/MARC21/slim http://www.loc.gov/standards/marcxml/schema/MARC21slim.xsd">
   <leader>00925njm 22002777a 4500</leader>
   <datafield ind2=" " ind1=" " tag="042">
      <subfield code="a">dc</subfield>
   </datafield>
   <datafield ind2=" " ind1=" " tag="720">
      <subfield code="a">Moragas Spà, Miquel de,</subfield>
      <subfield code="e">author</subfield>
   </datafield>
   <datafield ind2=" " ind1=" " tag="720">
      <subfield code="a">Centre d'Estudis Olímpics</subfield>
      <subfield code="e">author</subfield>
   </datafield>
   <datafield ind2=" " ind1=" " tag="260">
      <subfield code="c">2006</subfield>
   </datafield>
   <datafield ind2=" " ind1=" " tag="520">
      <subfield code="a">This paper was presented in the V Forum on Sport, Education and Culture Forum by the IOC undertaken in Beijing, in October, 2006. This aim of this paper is to explore the potential of the relations between the Olympic Movement and academic institutions, and in particular the role of universities.</subfield>
   </datafield>
   <datafield ind2=" " ind1=" " tag="520">
      <subfield code="a">Este texto fue presentado en el V Fórum de Deporte, Educación y Cultura del CIO que tuvo lugar en Beijing, en Octubre de 2006. La ponencia trata de explorar la potencialidad de las relaciones entre el Movimiento Olímpico y las instituciones académicas, considerando especialmente el papel de la universidades.</subfield>
   </datafield>
   <datafield ind2=" " ind1=" " tag="520">
      <subfield code="a">Aquest text fou presentat al V Fòrum d'Esport, Educació i Cultura del CIO que va tenir lloc a Beijing, en Octubre de 2006. La ponència tracta d'explorar la potencialitat de les relacions entre el Moviment Olímpic i les institucions acadèmiques, tot considerant especialment el paper de les universitats.</subfield>
   </datafield>
   <datafield tag="653" ind2=" " ind1=" ">
      <subfield code="a">Moviment olímpic</subfield>
   </datafield>
   <datafield ind2="0" ind1="0" tag="245">
      <subfield code="a">Academic Institutions and the Olympic Movement</subfield>
   </datafield>
</record></metadata></record></GetRecord></OAI-PMH>